[Event "Mitropa Cup"]
[Site "Mali Losinj"]
[Date "2023.04.12"]
[Round "2.4"]
[White "Frank, Adam"]
[Black "Arcuti, Davide"]
[Result "0-1"]
[WhiteElo "2398"]
[BlackElo "2359"]
[PlyCount "134"]
[EventDate "2023.04.11"]
[EventType "team-tourn"]
[EventRounds "9"]
[EventCountry "CRO"]
[SourceTitle "CBM 213 Extra"]
[Source "ChessBase"]
[SourceDate "2023.05.31"]
[SourceVersion "1"]
[SourceVersionDate "2023.05.31"]
[SourceQuality "1"]
[WhiteTeam "Czech Republic"]
[BlackTeam "Switzerland"]
[WhiteTeamCountry "CZE"]
[BlackTeamCountry "SUI"]

1. e4 c6 2. d4 d5 3. Nd2 dxe4 4. Nxe4 Nf6 5. Nxf6+ exf6 6. c3 Bd6 7. Bd3 0-0 8. Qc2 Re8+ 9. Ne2 h5 10. Be3 Nd7 11. 0-0-0 Nf8 12. Kb1 Be6 13. c4 Rc8 14. a3 Bc7 15. Nc3 Ba5 16. Ne4 b5 17. c5 Rb8 18. Bf4 Bc7 19. Nd6 b4 20. axb4 Bxd6 21. cxd6 Rxb4 22. Qc5 Ra4 23. Bc2 Ra6 24. Rhe1 Ba2+ 25. Kc1 Bd5 26. Qb4 Ne6 27. Bg3 Qd7 28. Re3 Rb6 29. Qa3 Reb8 30. f4 Rxb2 31. f5 Rxc2+ 32. Kxc2 Ng5 33. Rde1 h4 34. Bxh4 Qxf5+ 35. Qd3 Qxd3+ 36. Kxd3 Ne6 37. Bg3 f5 38. Kd2 Rd8 39. Rf1 Nxd4 40. Re7 Nb5 41. d7 Kf8 42. Rfe1 Be4 43. Bh4 f6 44. Re8+ Rxe8 45. dxe8Q+ Kxe8 46. Bf2 Kd7 47. Ra1 Kd6 48. Bxa7 c5 49. Bb6 Kc6 50. Ba5 Nd4 51. Ra3 Bxg2 52. Rg3 Be4 53. Bc3 g5 54. Bxd4 cxd4 55. Ra3 Kd5 56. Ra5+ Ke6 57. Rb5 g4 58. Rb8 f4 59. Re8+ Kf5 60. Rg8 Bd5 61. Rg7 Be6 62. Kd3 Ke5 63. Re7 g3 64. hxg3 fxg3 65. Ke2 f5 66. Kf3 f4 67. Re8 d3 0-1

[Event "Verbandsliga Suedbaden 2223"]
[Site "Germany"]
[Date "2023.03.05"]
[Round "7.1"]
[White "Scherer, Helmut"]
[Black "Arcuti, Davide"]
[Result "0-1"]
[WhiteElo "2266"]
[BlackElo "2355"]
[PlyCount "174"]
[EventDate "2022.09.25"]
[EventType "team-tourn"]
[EventRounds "9"]
[EventCountry "GER"]
[SourceTitle "EXT 2024"]
[Source "ChessBase"]
[SourceDate "2023.10.10"]
[SourceVersion "1"]
[SourceVersionDate "2023.10.10"]
[SourceQuality "1"]
[WhiteTeam "Zaehringen"]
[BlackTeam "Dreilaendereck"]
[WhiteTeamCountry "GER"]
[BlackTeamCountry "GER"]

1. e4 c6 2. d4 d5 3. exd5 cxd5 4. Bd3 Nc6 5. c3 Nf6 6. Bf4 Bg4 7. Qb3 Qd7 8. Nd2 e6 9. Ngf3 Bd6 10. Bxd6 Qxd6 11. 0-0 0-0 12. Rfe1 Ne7 13. Ne5 Bf5 14. Re3 Rab8 15. Qd1 Bxd3 16. Rxd3 b5 17. a3 a5 18. b4 a4 19. Rh3 Ng6 20. Re3 Rfc8 21. Rc1 Nd7 22. Nxg6 hxg6 23. Qe2 Rc6 24. Re1 Qc7 25. Nb1 Nf6 26. f3 Ne8 27. Rd3 Nd6 28. Qd2 Rc8 29. Re2 Qb6 30. Qe1 Nf5 31. Qd2 Rc4 32. Kh1 Qd8 33. Kg1 Qf6 34. Re1 g5 35. h3 Nh4 36. Re5 Ng6 37. Re1 Qf4 38. Qe3 Nh4 39. Kf2 Nf5 40. Qd2 Nd6 41. Qe3 R4c6 42. Kg1 Nf5 43. Qe2 Kf8 44. Qe5 Nd6 45. Qe2 Nc4 46. Qc2 Ke7 47. Re2 Kd7 48. Kf2 Nd6 49. Kg1 Nf5 50. Qd2 Ng3 51. Re1 R8c7 52. Qe3 Nf5 53. Qe2 Kc8 54. Rdd1 Nd6 55. Qe5 Qf6 56. Qxf6 gxf6 57. Kf2 Kd7 58. Rd3 Ke7 59. Rc1 Rc8 60. Nd2 f5 61. Nf1 f4 62. Rc2 Nf5 63. Ke1 f6 64. Kd2 Kd6 65. Kc1 e5 66. dxe5+ fxe5 67. Kb2 Ke6 68. Re2 Nd6 69. Nd2 Rd8 70. Kc2 Rcc8 71. Kb2 Ne8 72. Kc2 Nf6 73. Kb2 Rd7 74. Kc2 Rdc7 75. Kb2 Kf5 76. Nb1 e4 77. fxe4+ dxe4 78. Rd6 Rc6 79. Rxc6 Rxc6 80. Nd2 Rc8 81. c4 bxc4 82. Kc3 e3 83. Nxc4 Ne4+ 84. Kd3 Rd8+ 85. Kc2 Rd4 86. g4+ Ke6 87. Nb2 Ng3 0-1

[Event "Verbandsliga Suedbaden 2223"]
[Site "Germany"]
[Date "2023.01.22"]
[Round "5.1"]
[White "Kaczmarczyk, Dennis"]
[Black "Arcuti, Davide"]
[Result "1/2-1/2"]
[WhiteElo "2468"]
[BlackElo "2355"]
[PlyCount "99"]
[EventDate "2022.09.25"]
[EventType "team-tourn"]
[EventRounds "9"]
[EventCountry "GER"]
[SourceTitle "EXT 2024"]
[Source "ChessBase"]
[SourceDate "2023.10.10"]
[SourceVersion "1"]
[SourceVersionDate "2023.10.10"]
[SourceQuality "1"]
[WhiteTeam "Baden-Baden IV"]
[BlackTeam "Dreilaendereck"]
[WhiteTeamCountry "GER"]
[BlackTeamCountry "GER"]

1. e4 c6 2. d4 d5 3. Nc3 dxe4 4. Nxe4 Nf6 5. Nxf6+ exf6 6. c3 Bd6 7. Bd3 0-0 8. Ne2 Re8 9. 0-0 Nd7 10. Ng3 Nf8 11. f4 Bc7 12. f5 Bxg3 13. hxg3 Qd5 14. Qb3 b6 15. Qxd5 cxd5 16. Bf4 g5 17. Bd6 Bd7 18. Rfe1 Bc6 19. Kf2 Nd7 20. g4 b5 21. Rxe8+ Rxe8 22. Re1 Rc8 23. Re7 a5 24. b3 Ra8 25. Ke3 a4 26. bxa4 bxa4 27. Kd2 Rc8 28. Bb4 Nb6 29. Ke1 Nc4 30. Bxc4 dxc4 31. Kf2 Kg7 32. Ra7 h6 33. Ra6 Be4 34. Be7 Rc6 35. Rxa4 h5 36. gxh5 Bxf5 37. d5 Rb6 38. Rxc4 Rb2+ 39. Kf3 Rxa2 40. g4 Bd3 41. Rd4 Be2+ 42. Kg3 Rc2 43. d6 Rxc3+ 44. Kf2 Bb5 45. d7 Bxd7 46. Rxd7 Rc4 47. Rd6 Rxg4 48. Rxf6 Rh4 49. Kg3 Rxh5 50. Rf1 1/2-1/2

[Event "Verbandsliga Suedbaden 2122"]
[Site "Baden"]
[Date "2022.04.24"]
[Round "9.1"]
[White "Hommeles, Theo"]
[Black "Arcuti, Davide"]
[Result "1/2-1/2"]
[WhiteElo "2375"]
[BlackElo "2392"]
[PlyCount "60"]
[EventDate "2021.10.10"]
[EventType "team-tourn"]
[EventRounds "9"]
[EventCountry "GER"]
[SourceTitle "EXT 2023"]
[Source "ChessBase"]
[SourceDate "2022.10.05"]
[SourceVersion "1"]
[SourceVersionDate "2022.10.05"]
[SourceQuality "1"]
[WhiteTeam "Konstanz"]
[BlackTeam "Dreilaendereck"]
[WhiteTeamCountry "GER"]
[BlackTeamCountry "GER"]

1. e4 e5 2. Nf3 Nc6 3. Bb5 a6 4. Ba4 Nf6 5. 0-0 Be7 6. Re1 b5 7. Bb3 0-0 8. d3 d6 9. c3 Na5 10. Bc2 c5 11. Nbd2 Nc6 12. Nf1 Be6 13. h3 h6 14. a3 Qc7 15. Ng3 Rfe8 16. Qe2 Bf8 17. Nh4 g6 18. Nf3 d5 19. Bd2 Rad8 20. Rec1 dxe4 21. Nxe4 Nxe4 22. dxe4 Na5 23. a4 Bc4 24. Qe1 Rd7 25. axb5 axb5 26. Be3 Nb3 27. Bxb3 Bxb3 28. Nd2 Be6 29. Qe2 Red8 30. Ra6 Kh7 1/2-1/2

[Event "SUI-chT"]
[Site "Switzerland"]
[Date "2021.12.11"]
[Round "8.7"]
[White "Benitah, Yohan"]
[Black "Arcuti, Davide"]
[Result "1/2-1/2"]
[WhiteElo "2377"]
[BlackElo "2390"]
[PlyCount "99"]
[EventDate "2021.08.29"]
[EventType "team-tourn"]
[EventRounds "9"]
[EventCountry "SUI"]
[SourceTitle "EXT 2023"]
[Source "ChessBase"]
[SourceDate "2022.10.05"]
[SourceVersion "1"]
[SourceVersionDate "2022.10.05"]
[SourceQuality "1"]
[WhiteTeam "Geneve"]
[BlackTeam "Luzern"]
[WhiteTeamCountry "SUI"]
[BlackTeamCountry "SUI"]

1. d4 Nf6 2. c4 e6 3. Nc3 Bb4 4. Qc2 0-0 5. e3 d5 6. Nf3 c5 7. a3 Bxc3+ 8. bxc3 Qc7 9. Bd3 dxc4 10. Bxc4 Nc6 11. Bd3 e5 12. d5 c4 13. Bxh7+ Nxh7 14. dxc6 Qxc6 15. 0-0 Bh3 16. e4 Qg6 17. Ne1 Rfd8 18. Be3 Nf8 19. f3 Bd7 20. Qf2 a6 21. Bb6 Rdc8 22. Kh1 Ba4 23. g3 Rc6 24. Be3 Rd8 25. Ng2 Rd3 26. Rfc1 Qe6 27. g4 Qf6 28. Ne1 Rd7 29. Qg3 Ng6 30. g5 Qe6 31. Ng2 Rcd6 32. h4 Rd3 33. h5 Nf8 34. Kh2 f5 35. exf5 Qxf5 36. Qh3 Rf7 37. Qxf5 Rxf5 38. Kg3 Bc6 39. Rf1 Rxc3 40. Nh4 Rf7 41. g6 Rd7 42. Bc5 Rdd3 43. Bxf8 Kxf8 44. Rae1 e4 45. Kf4 exf3 46. Nf5 Rd5 47. h6 gxh6 48. g7+ Kg8 49. Re7 Rxf5+ 50. Kxf5 1/2-1/2

[Event "Online Olym Div2 B"]
[Site "Chess.com INT"]
[Date "2021.09.04"]
[Round "7.1"]
[White "Arcuti, Davide"]
[Black "Pleasants, Allan J"]
[Result "1/2-1/2"]
[WhiteElo "2390"]
[BlackElo "2001"]
[PlyCount "104"]
[EventDate "2021.09.02"]
[EventType "team (rapid)"]
[EventRounds "9"]
[EventCountry "USA"]
[SourceTitle "CBM 204 Extra"]
[Source "ChessBase"]
[SourceDate "2021.11.30"]
[SourceVersion "1"]
[SourceVersionDate "2021.11.30"]
[SourceQuality "1"]
[WhiteTeam "Switzerland"]
[BlackTeam "Wales"]
[WhiteTeamCountry "SUI"]
[BlackTeamCountry "WLS"]

1. d4 Nf6 2. Nf3 g6 3. Bg5 Bg7 4. Nbd2 d6 5. e4 0-0 6. c3 c6 7. Bd3 Qc7 8. 0-0 Nbd7 9. Re1 e5 10. a4 Re8 11. a5 Rb8 12. Bf1 b5 13. axb6 axb6 14. Qc2 b5 15. b4 c5 16. bxc5 dxc5 17. dxe5 Nxe5 18. Nxe5 Qxe5 19. Nf3 Qc7 20. Bh4 Ng4 21. Bg3 Ne5 22. Nd2 c4 23. f4 Nc6 24. Nf3 b4 25. f5 Ne5 26. cxb4 Rxb4 27. Rab1 Nxf3+ 28. gxf3 Qb6+ 29. Bf2 Bd4 30. Rxb4 Bxf2+ 31. Qxf2 Qxb4 32. Rc1 gxf5 33. Rxc4 Qe7 34. Bh3 Be6 35. Qg3+ Kf8 36. Rc7 Qb4 37. exf5 Qb1+ 38. Kg2 Bxf5 39. Bg4 Bxg4 40. fxg4 Qe4+ 41. Qf3 Qxf3+ 42. Kxf3 Kg7 43. h4 Re1 44. Kf4 Rf1+ 45. Kg3 Re1 46. Ra7 Rb1 47. h5 Rb2 48. g5 Rb3+ 49. Kf4 Rb4+ 50. Kg3 Rb3+ 51. Kg4 Rb4+ 52. Kg3 Rb3+ 1/2-1/2

[Event "Online Olym Div2 B"]
[Site "Chess.com INT"]
[Date "2021.09.04"]
[Round "9.1"]
[White "Arcuti, Davide"]
[Black "Rakhmatullaev, Almas"]
[Result "1-0"]
[WhiteElo "2390"]
[BlackElo "2183"]
[PlyCount "149"]
[EventDate "2021.09.02"]
[EventType "team (rapid)"]
[EventRounds "9"]
[EventCountry "USA"]
[SourceTitle "CBM 204 Extra"]
[Source "ChessBase"]
[SourceDate "2021.11.30"]
[SourceVersion "1"]
[SourceVersionDate "2021.11.30"]
[SourceQuality "1"]
[WhiteTeam "Switzerland"]
[BlackTeam "Uzbekistan"]
[WhiteTeamCountry "SUI"]
[BlackTeamCountry "UZB"]

1. d4 Nf6 2. Nf3 e6 3. Bg5 h6 4. Bh4 Be7 5. Nbd2 b6 6. e4 Bb7 7. Bd3 d5 8. exd5 Nxd5 9. Bg3 Nd7 10. 0-0 0-0 11. c4 Nb4 12. Bb1 c5 13. a3 Na6 14. d5 exd5 15. cxd5 Nf6 16. Ne4 Qxd5 17. Nxf6+ Bxf6 18. Qc2 g6 19. Rd1 Qh5 20. Rd6 Bg7 21. Ba2 Rad8 22. Rxg6 Bd5 23. Bxd5 Rxd5 24. Rd6 Rxd6 25. Bxd6 Rd8 26. Bg3 Qg6 27. Qa4 Bxb2 28. Re1 Qd3 29. h3 Bg7 30. Re8+ Rxe8 31. Qxe8+ Kh7 32. Qxf7 c4 33. Be5 Qg6 34. Qxa7 Nc5 35. Bxg7 Qxg7 36. Qxb6 Nd3 37. Qd4 Qf7 38. Nd2 Qe7 39. Ne4 Qxa3 40. Qd7+ Kh8 41. Qd8+ Kh7 42. Qd7+ Kh8 43. Qc8+ Kh7 44. Qc7+ Kh8 45. Qxc4 Qc1+ 46. Qxc1 Nxc1 47. g4 Nd3 48. Kg2 Kg7 49. Kg3 Kg6 50. f4 Kg7 51. Nf2 Nc1 52. Kf3 Nb3 53. f5 Nc5 54. Kf4 Kf7 55. h4 Kg7 56. Ke5 Kf7 57. g5 hxg5 58. hxg5 Nd7+ 59. Kf4 Nc5 60. Ng4 Ke7 61. g6 Kf8 62. Kg5 Ne4+ 63. Kh6 Kg8 64. f6 Nd6 65. Ne5 Nf5+ 66. Kg5 Nd6 67. Ng4 Ne4+ 68. Kf5 Ng3+ 69. Ke6 Nh5 70. Ke7 Nxf6 71. Kxf6 Kh8 72. Ne3 Kg8 73. Nf5 Kh8 74. g7+ Kh7 75. Ne7 1-0

[Event "SUI-chT"]
[Site "Switzerland"]
[Date "2021.08.29"]
[Round "1.5"]
[White "Arcuti, Davide"]
[Black "Good, Daniel"]
[Result "1/2-1/2"]
[WhiteElo "2390"]
[BlackElo "2171"]
[PlyCount "60"]
[EventDate "2021.08.29"]
[EventType "team-tourn"]
[EventRounds "9"]
[EventCountry "SUI"]
[SourceTitle "CBM 204 Extra"]
[Source "ChessBase"]
[SourceDate "2021.11.30"]
[SourceVersion "1"]
[SourceVersionDate "2021.11.30"]
[SourceQuality "1"]
[WhiteTeam "Luzern"]
[BlackTeam "Wollishofen"]
[WhiteTeamCountry "SUI"]
[BlackTeamCountry "SUI"]

1. d4 d5 2. c4 c6 3. Nf3 Nf6 4. e3 Bf5 5. Nh4 Bg4 6. Qc2 e6 7. Nd2 Nbd7 8. h3 Bh5 9. Bd3 dxc4 10. Qxc4 Be7 11. g4 Bg6 12. Nxg6 hxg6 13. Be2 e5 14. Nb3 Nb6 15. Qc2 Qd5 16. f3 exd4 17. e4 Qe5 18. Bd3 Nfd5 19. Qh2 Nb4 20. Bf1 Qxh2 21. Rxh2 d3 22. Kd1 0-0-0 23. Bf4 g5 24. Be5 Nc4 25. Bxg7 Rhg8 26. Bd4 Nc2 27. Rxc2 dxc2+ 28. Kxc2 Nb6 29. a4 Kc7 30. a5 Nc8 1/2-1/2

[Event "Oberliga Baden 1920"]
[Site "Baden"]
[Date "2019.12.08"]
[Round "4.1"]
[White "Arcuti, Davide"]
[Black "Lai, Hing Ting"]
[Result "0-1"]
[WhiteElo "2344"]
[BlackElo "2449"]
[PlyCount "76"]
[EventDate "2019.09.29"]
[EventType "team-tourn"]
[EventRounds "9"]
[EventCountry "GER"]
[SourceTitle "CBM 195 Extra"]
[Source "ChessBase"]
[SourceDate "2020.05.31"]
[SourceVersion "1"]
[SourceVersionDate "2020.05.31"]
[SourceQuality "1"]
[WhiteTeam "Dreilaendereck"]
[BlackTeam "Oetigheim"]
[WhiteTeamCountry "GER"]
[BlackTeamCountry "GER"]

1. d4 Nf6 2. Nf3 e6 3. Bg5 h6 4. Bh4 d6 5. Nbd2 g5 6. Bg3 Nh5 7. e3 Bg7 8. Bd3 Qe7 9. Ng1 Nxg3 10. hxg3 c5 11. c3 0-0 12. g4 Nd7 13. Ne2 Nf6 14. Ng3 d5 15. Qe2 Bd7 16. f4 cxd4 17. cxd4 Rfc8 18. fxg5 hxg5 19. 0-0 Rc7 20. Rf2 Ba4 21. b3 Be8 22. Raf1 Rac8 23. a4 a6 24. Qf3 Rc1 25. Rxc1 Rxc1+ 26. Ngf1 Qc7 27. Qh3 Qc3 28. Bb1 b5 29. a5 Qxa5 30. Qg3 Qc7 31. Qh3 a5 32. Rxf6 Bxf6 33. Qh6 Bg7 34. Bh7+ Kf8 35. Qxg5 a4 36. bxa4 bxa4 37. Nb1 Bb5 38. Nbd2 a3 0-1

[Event "SUI-chT"]
[Site "Switzerland"]
[Date "2019.09.07"]
[Round "6.6"]
[White "Arcuti, Davide"]
[Black "Ballmann, Martin"]
[Result "0-1"]
[WhiteElo "2355"]
[BlackElo "2361"]
[PlyCount "66"]
[EventDate "2019.03.10"]
[EventType "team-tourn"]
[EventRounds "9"]
[EventCountry "SUI"]
[SourceTitle "EXT 2020"]
[Source "ChessBase"]
[SourceDate "2019.10.17"]
[SourceVersion "1"]
[SourceVersionDate "2019.10.17"]
[SourceQuality "1"]
[WhiteTeam "Luzern"]
[BlackTeam "Winterthur"]
[WhiteTeamCountry "SUI"]
[BlackTeamCountry "SUI"]

1. d4 Nf6 2. c4 g6 3. Nc3 Bg7 4. e4 d6 5. f3 a6 6. Be3 Nc6 7. Qd2 0-0 8. Nge2 Re8 9. Rc1 Bd7 10. b3 e6 11. g4 e5 12. d5 Nd4 13. Nxd4 exd4 14. Bxd4 Bxg4 15. Bg2 Bd7 16. 0-0 Nh5 17. f4 Bxd4+ 18. Qxd4 Qh4 19. Qe3 Re7 20. Rce1 Rae8 21. c5 dxc5 22. e5 g5 23. Qxc5 gxf4 24. e6 fxe6 25. dxe6 Bc6 26. Re5 Rg7 27. Nd5 Qg4 28. Rf2 Rxe6 29. Rxe6 Qxe6 30. Kh1 Rd7 31. Bf3 Bxd5 32. Rg2+ Ng7 33. Rxg7+ Kxg7 0-1

[Event "SUI-ch 119th"]
[Site "Leukerbad"]
[Date "2019.07.18"]
[Round "8"]
[White "Arcuti, Davide"]
[Black "Kurmann, Oliver"]
[Result "1-0"]
[WhiteElo "2341"]
[BlackElo "2427"]
[PlyCount "77"]
[EventDate "2019.07.11"]
[EventType "tourn"]
[EventRounds "9"]
[EventCountry "SUI"]
[EventCategory "6"]
[SourceTitle "EXT 2020"]
[Source "ChessBase"]
[SourceDate "2019.10.17"]
[SourceVersion "1"]
[SourceVersionDate "2019.10.17"]
[SourceQuality "1"]

1. d4 Nf6 2. c4 e6 3. Nc3 c5 4. d5 exd5 5. cxd5 d6 6. Nf3 g6 7. Bf4 a6 8. a4 Bg7 9. h3 0-0 10. e3 Ne8 11. Be2 Nd7 12. 0-0 Ne5 13. Nd2 b6 14. Bg3 f5 15. Rb1 g5 16. f4 gxf4 17. exf4 Ng6 18. Qc2 Bd7 19. Rbe1 Qf6 20. Nf3 Nc7 21. h4 Rfe8 22. h5 Nh8 23. Bh4 Qf8 24. Ng5 h6 25. Ne6 Nxe6 26. dxe6 Bxe6 27. Bf3 Bc4 28. Bd5+ Bxd5 29. Nxd5 Bd4+ 30. Kh2 Qf7 31. Ne7+ Rxe7 32. Rxe7 Qxh5 33. Qb3+ Kf8 34. Qh3 Ng6 35. Ra7 Rxa7 36. Be7+ Rxe7 37. Qxh5 Nxf4 38. Rxf4 Be5 39. Qxf5+ 1-0

[Event "SUI-ch 119th"]
[Site "Leukerbad"]
[Date "2019.07.15"]
[Round "5"]
[White "Fischer, Daniel1111"]
[Black "Arcuti, Davide"]
[Result "1-0"]
[WhiteElo "2287"]
[BlackElo "2341"]
[PlyCount "129"]
[EventDate "2019.07.11"]
[EventType "tourn"]
[EventRounds "9"]
[EventCountry "SUI"]
[EventCategory "6"]
[SourceTitle "EXT 2020"]
[Source "ChessBase"]
[SourceDate "2019.10.17"]
[SourceVersion "1"]
[SourceVersionDate "2019.10.17"]
[SourceQuality "1"]

1. e4 e5 2. Nf3 Nc6 3. Bc4 Bc5 4. 0-0 Nf6 5. d3 a6 6. c3 Ba7 7. Re1 d6 8. Bb3 h6 9. Nbd2 0-0 10. h3 Re8 11. Nf1 Be6 12. Ng3 Qd7 13. Be3 Bxb3 14. Qxb3 Ne7 15. Bxa7 Rxa7 16. d4 Ng6 17. Rad1 Qb5 18. Qc2 Qb6 19. d5 Raa8 20. Re3 c6 21. dxc6 Qxc6 22. c4 Rac8 23. Rc3 Nf4 24. Nh2 h5 25. f3 Qc5+ 26. Kh1 g6 27. Nhf1 Rc6 28. Ne3 Qa5 29. Ne2 Ne6 30. Nd5 Qd8 31. b3 Kg7 32. Rcd3 Nc5 33. Nxf6 Qxf6 34. Rd5 Nd7 35. Qd2 Re6 36. Nc3 Qh4 37. Qe3 b6 38. R5d2 f5 39. Qd3 Qf6 40. Nd5 Qf7 41. Nb4 Rc8 42. Nxa6 f4 43. Qe2 Qf8 44. Rd5 Nc5 45. Nb4 g5 46. Qd2 Nb7 47. Rb5 g4 48. Rxb6 Rc7 49. Qd5 Qc8 50. Na6 Rce7 51. Qc6 Qxc6 52. Rxc6 Rg6 53. hxg4 hxg4 54. Rc7 Kf7 55. Rxe7+ Kxe7 56. b4 d5 57. Nc7 d4 58. Nd5+ Kd8 59. c5 Ra6 60. Rd2 Ra3 61. fxg4 Re3 62. Nxe3 fxe3 63. Re2 Nd6 64. cxd6 d3 65. Rxe3 1-0

[Event "SUI-chT"]
[Site "Switzerland"]
[Date "2019.05.05"]
[Round "4.6"]
[White "Arcuti, Davide"]
[Black "Fend, Juergen"]
[Result "1-0"]
[WhiteElo "2355"]
[BlackElo "2288"]
[PlyCount "63"]
[EventDate "2019.03.10"]
[EventType "team-tourn"]
[EventRounds "9"]
[EventCountry "SUI"]
[SourceTitle "CBM 190 Extra"]
[Source "ChessBase"]
[SourceDate "2019.07.15"]
[SourceVersion "1"]
[SourceVersionDate "2019.07.15"]
[SourceQuality "1"]
[WhiteTeam "Luzern"]
[BlackTeam "Wollishofen"]
[WhiteTeamCountry "SUI"]
[BlackTeamCountry "SUI"]

1. d4 d6 2. e4 Nf6 3. Nc3 Nbd7 4. f3 g6 5. Be3 Bg7 6. Qd2 h6 7. Bc4 Nb6 8. Bd3 e5 9. Nge2 c6 10. a4 Be6 11. b3 Qc7 12. a5 Nc8 13. 0-0 Ne7 14. h3 g5 15. b4 Nh5 16. d5 cxd5 17. exd5 Bd7 18. b5 Qb8 19. Rfe1 f5 20. g4 Nf6 21. Bf2 e4 22. fxe4 fxg4 23. e5 dxe5 24. d6 Nf5 25. Bxf5 Bxf5 26. Ng3 Bg6 27. Rxe5+ Kf8 28. Bd4 Rh7 29. Re6 Nh5 30. Rxg6 Nxg3 31. Qf2+ Kg8 32. Qxg3 1-0

[Event "Wch U20 57th"]
[Site "Manavgat"]
[Date "2018.09.08"]
[Round "5"]
[White "Priasmoro, Novendra"]
[Black "Arcuti, Davide"]
[Result "1-0"]
[WhiteElo "2498"]
[BlackElo "2356"]
[PlyCount "115"]
[EventDate "2018.09.05"]
[EventType "swiss"]
[EventRounds "11"]
[EventCountry "TUR"]
[SourceTitle "CBM 186 Extra"]
[Source "ChessBase"]
[SourceDate "2018.08.24"]
[SourceVersion "1"]
[SourceVersionDate "2018.08.24"]
[SourceQuality "1"]

1. e4 e5 2. Nf3 Nc6 3. Bb5 a6 4. Ba4 Nf6 5. 0-0 Be7 6. Bxc6 dxc6 7. d3 Nd7 8. Nbd2 0-0 9. Nc4 f6 10. Be3 Nc5 11. h3 Ne6 12. Qe2 a5 13. a4 b6 14. Rad1 Qe8 15. Nh4 Bc5 16. b3 g6 17. Qd2 Qe7 18. Kh1 Rf7 19. Rg1 Ba6 20. g4 Rd8 21. Rg3 Bxc4 22. bxc4 Bxe3 23. Qxe3 Qb4 24. g5 Nxg5 25. f4 exf4 26. Qxf4 Qd6 27. Qxd6 Rxd6 28. Rf1 Kf8 29. Ng2 Rdd7 30. Ne3 Ne6 31. Ng4 Kg7 32. Rgf3 Ng5 33. Rxf6 Rxf6 34. Nxf6 Re7 35. h4 Ne6 36. h5 h6 37. hxg6 Kxg6 38. Ng4 Nc5 39. Kg2 Nxa4 40. Rf6+ Kg5 41. Kg3 c5 42. Rf8 Kg6 43. Ne3 c6 44. Nf5 Ra7 45. Rh8 Nc3 46. Kg4 h5+ 47. Rxh5 Rh7 48. Nh4+ Kg7 49. Re5 Kf6 50. Re8 Ra7 51. Nf5 a4 52. e5+ Kg6 53. e6 a3 54. e7 Rxe7 55. Rxe7 a2 56. Ra7 b5 57. Ra3 b4 58. Ra6 1-0

[Event "Wch U20 57th"]
[Site "Manavgat"]
[Date "2018.09.06"]
[Round "2"]
[White "Arcuti, Davide"]
[Black "Bellahcene, Bilel"]
[Result "0-1"]
[WhiteElo "2356"]
[BlackElo "2501"]
[PlyCount "52"]
[EventDate "2018.09.05"]
[EventType "swiss"]
[EventRounds "11"]
[EventCountry "TUR"]
[SourceTitle "CBM 186 Extra"]
[Source "ChessBase"]
[SourceDate "2018.08.24"]
[SourceVersion "1"]
[SourceVersionDate "2018.08.24"]
[SourceQuality "1"]

1. d4 Nf6 2. c4 e6 3. Nc3 Bb4 4. Qc2 c5 5. dxc5 0-0 6. a3 Bxc5 7. Nf3 b6 8. Bf4 Bb7 9. Rd1 Nc6 10. e3 Nh5 11. Bd6 Bxd6 12. Rxd6 Qe7 13. Qd1 Rad8 14. Be2 f5 15. 0-0 Nf6 16. Rd2 Ne4 17. Nxe4 fxe4 18. Nd4 Ne5 19. Kh1 Qg5 20. Qb3 Nf3 21. Bxf3 exf3 22. g4 Rf6 23. Qb5 e5 24. Nf5 Rxf5 25. Rxd7 Rxd7 26. Qxd7 Rf7 0-1

[Event "SUI-ch HT1 118th"]
[Site "Lenzerheide"]
[Date "2018.07.17"]
[Round "6"]
[White "Arcuti, Davide"]
[Black "Gendre, Stephane"]
[Result "1/2-1/2"]
[WhiteElo "2376"]
[BlackElo "2041"]
[PlyCount "49"]
[EventDate "2018.07.12"]
[EventType "swiss"]
[EventRounds "9"]
[EventCountry "SUI"]
[SourceTitle "EXT 2019"]
[Source "ChessBase"]
[SourceDate "2018.10.10"]
[SourceVersion "1"]
[SourceVersionDate "2018.10.10"]
[SourceQuality "1"]

1. d4 d6 2. e4 Nf6 3. Nc3 g6 4. Bg5 Bg7 5. e5 dxe5 6. dxe5 Ng4 7. Qxd8+ Kxd8 8. Rd1+ Bd7 9. e6 fxe6 10. Bc4 Ke8 11. h3 Ne5 12. Bb3 Nf7 13. Bd2 Na6 14. Be3 Nd6 15. Nge2 Nf5 16. Bf4 e5 17. Bh2 Nd4 18. Ne4 Bc6 19. N2g3 Nxb3 20. axb3 Nb4 21. c3 Nd5 22. 0-0 h6 23. Nc5 Kf7 24. Ne2 g5 25. g3 1/2-1/2

[Event "SUI-ch HT1 118th"]
[Site "Lenzerheide"]
[Date "2018.07.15"]
[Round "4"]
[White "Arcuti, Davide"]
[Black "Klauser, Markus"]
[Result "0-1"]
[WhiteElo "2376"]
[BlackElo "2386"]
[PlyCount "76"]
[EventDate "2018.07.12"]
[EventType "swiss"]
[EventRounds "9"]
[EventCountry "SUI"]
[SourceTitle "EXT 2019"]
[Source "ChessBase"]
[SourceDate "2018.10.10"]
[SourceVersion "1"]
[SourceVersionDate "2018.10.10"]
[SourceQuality "1"]

1. d4 Nf6 2. c4 e6 3. Nc3 Bb4 4. Qc2 0-0 5. a3 Bxc3+ 6. Qxc3 d6 7. Bg5 Nbd7 8. f3 c5 9. dxc5 Nxc5 10. Rd1 e5 11. b4 Ne6 12. Bxf6 Qxf6 13. Rxd6 a5 14. b5 Qe7 15. Qxe5 Qh4+ 16. g3 Qxc4 17. Rd1 Qb3 18. Rd3 Qb1+ 19. Rd1 Qb3 20. Rd3 Qc2 21. Kf2 b6 22. Bg2 Bb7 23. Nh3 Rac8 24. Rhd1 Rc5 25. Qa1 Rxb5 26. Rc1 Qb2 27. Qxb2 Rxb2 28. Rcd1 Ba6 29. Re3 g6 30. f4 Bc4 31. Rc1 b5 32. a4 Nc5 33. Ra1 b4 34. Kf1 Rc2 35. Nf2 b3 36. Ne4 b2 37. Re1 Nxa4 38. Ra3 Rxe2 0-1

[Event "SUI-ch HT1 118th"]
[Site "Lenzerheide"]
[Date "2018.07.13"]
[Round "2"]
[White "Arcuti, Davide"]
[Black "Sommerhalder, Eric"]
[Result "1-0"]
[WhiteElo "2376"]
[BlackElo "2105"]
[PlyCount "99"]
[EventDate "2018.07.12"]
[EventType "swiss"]
[EventRounds "9"]
[EventCountry "SUI"]
[SourceTitle "EXT 2019"]
[Source "ChessBase"]
[SourceDate "2018.10.10"]
[SourceVersion "1"]
[SourceVersionDate "2018.10.10"]
[SourceQuality "1"]

1. d4 Nf6 2. c4 g6 3. Nc3 d5 4. Bg5 Bg7 5. e3 c5 6. dxc5 Qa5 7. Qd2 dxc4 8. Ne4 Qxd2+ 9. Nxd2 Na6 10. Bxc4 Nxc5 11. f3 0-0 12. Ne2 Rd8 13. Nd4 e5 14. N4b3 Nd3+ 15. Bxd3 Rxd3 16. Ke2 Rd7 17. Nc4 b6 18. Nxe5 Ba6+ 19. Ke1 Rd5 20. Bxf6 Bxf6 21. Nc6 Re8 22. Kf2 Bxb2 23. Rad1 Rxd1 24. Rxd1 Bb7 25. Nxa7 Ra8 26. Nb5 Rxa2 27. Rd2 Ba6 28. Nc3 Ra3 29. Rxb2 Bc4 30. Nd4 Rxc3 31. Rxb6 Ra3 32. g4 h6 33. h4 Ra5 34. Kg3 Kh7 35. Rb7 Kg7 36. Rc7 Bd5 37. Ne2 Kf6 38. Nc3 Ba8 39. e4 h5 40. g5+ Ke6 41. Ne2 f5 42. exf5+ gxf5 43. Nf4+ Ke5 44. Rc3 Bb7 45. Nxh5 Kd4 46. Rc7 Bd5 47. Nf4 Bc4 48. g6 Ra1 49. h5 Rg1+ 50. Kf2 1-0